Sports Quiz

Random Sports or College Quiz

NFL Most 1st Round Picks by College Quiz Stats

Quiz Updated Apr 28, 2017

Challenge
Share
Tweet
Embed
Score 0/26 Timer 05:00
2 Plays Today
# Picks College % Correct
42Florida
96.5%
28Texas
95.2%
49USC
94.9%
46Ohio State
92.4%
26Michigan
91.6%
38Alabama
90.9%
40Florida State
90.5%
24Oklahoma
89%
52Miami (FL)
88.4%
24Georgia
81.8%
25LSU
81.1%
21UCLA
79.9%
27Penn State
77.9%
# Picks College % Correct
16Michigan State
77.4%
25Notre Dame
75.8%
36Tennessee
74.5%
20Nebraska
72.8%
19Washington
70.4%
25Texas A&M
69.2%
21North Carolina
68.8%
19Auburn
66.6%
20California
66.3%
22Wisconsin
65.7%
21Pittsburgh
50.3%
23Clemson
50%
15Colorado
49.9%

You're not logged in!

Compare scores with friends on all Sporcle quizzes.
Sign Up with Email
OR
Log In

You Might Also Like...

Show Comments

Extras

Top Quizzes Today


Score Distribution

Your Account Isn't Verified!

In order to create a playlist on Sporcle, you need to verify the email address you used during registration. Go to your Sporcle Settings to finish the process.